| 000 | 00639nam a2200217Ii 4500 | ||
|---|---|---|---|
| 001 | 18342 | ||
| 003 | CO-ViMGA | ||
| 008 | 241108s9999||||xx |||||||||||||| ||und|| | ||
| 020 | _a9580439052 | ||
| 040 |
_aCO-ViMGA _bspa _erda _cCO-ViMGA |
||
| 041 | 0 | _aspa | |
| 084 | _aN DOY2m | ||
| 100 | 1 |
_aJuan Fernando Merino _949162 |
|
| 245 | 1 | 0 | _aLa mujer que se estrellaba contra las puertas |
| 264 | 1 | _aBogotá, Colombia : Verticales de Bolsillo, 1998 | |
| 300 | _avolumen | ||
| 336 |
_atext _btxt _2rdacontent |
||
| 337 |
_aunmediated _bn _2rdamedia |
||
| 338 |
_avolume _bnc _2rdacarrier |
||
| 940 | _aidficha_siabuc: 18005. -- ficha_no_siabuc:18342 | ||
| 999 |
_c43805 _d43805 |
||